000 00478nam a2200169Ia 4500
999 _c29563
_d29563
003 OSt
005 20210106143220.0
008 190216s9999||||xx |||||||||||||| ||und||
040 _coclc
082 _a510
_bSRE/G
100 _aSreedharan, Palliyara
_97438
245 0 _aGanithashastram Quiz /
_cPalliyara Sreedharan
260 _bSt.Jude Books,
_aKozhikode:
_c2003.
300 _a95p
650 _aSahithyam
942 _cBK
_2ddc
_h510
_iSRE/G
_k510
_mSRE/G